| 000 | 00378nam a22001457a 4500 | ||
|---|---|---|---|
| 082 |
_a694.2 _bTOW _cL-17, P-54 |
||
| 100 |
_aGilbert Townsend _945736 |
||
| 245 | _aThe Steel Square | ||
| 250 | _a1944 | ||
| 260 |
_aU. S. A _bAmerican Technical Society Chicago _c1944 |
||
| 300 | _a96 P, : | ||
| 526 |
_a0 _b0 _c0 _d694_200000000000000_TOW |
||
| 650 |
_aMCE _9379 |
||
| 942 |
_2ddc _cBK |
||
| 999 |
_c549193 _d549193 |
||